Statistics for Men's Footballers with 50 or More International Goals

Click here to take the quiz!

General Stats

  • This quiz has been taken 67 times
  • The average score is 22 of 65

Answer Stats

RankNationGoalsCapsAnswer% Correct
2Portugal102170Cristiano Ronaldo
98%
28Brazil6298Ronaldo
97%
12Argentina71142Lionel Messi
89%
7Brazil7792Pelé
85%
20West Germany6862Gerd Müller
84%
26Uruguay63116Luis Suárez
84%
3Hungary8485Ferenc Puskás
80%
25Brazil64103Neymar
77%
26Poland63116Robert Lewandowski
77%
23Ivory Coast65105Didier Drogba
75%
28Sweden62116Zlatan Ibrahimović
75%
20Republic of Ireland68146Robbie Keane
70%
31Bosnia and Herzegovina59112Edin Džeko
67%
12Germany71137Miroslav Klose
67%
31Spain5998David Villa
66%
47England53120Wayne Rooney
52%
55Uruguay51118Edinson Cavani
51%
34Belgium5789Romelu Lukaku
51%
40Cameroon56118Samuel Eto'o
49%
55France51123Thierry Henry
43%
1Iran109149Ali Daei
41%
50Mexico52109Javier Hernández
39%
61Netherlands50102Robin van Persie
39%
34United States57157Landon Donovan
38%
8Hungary7568Sándor Kocsis
38%
46Argentina5477Gabriel Batistuta
36%
61Australia50108Tim Cahill
36%
34United States57141Clint Dempsey
34%
42Brazil5570Romário
34%
55Ghana51109Asamoah Gyan
33%
55Turkey51112Hakan Şükür
25%
50Denmark52112Jon Dahl Tomasson
21%
42Czechia5591Jan Koller
20%
61Japan50119Shinji Okazaki
20%
17Trinidad and Tobago70115Stern John
18%
42Japan5589Kazuyoshi Miura
16%
20Guatemala68133Carlos Ruiz
15%
11India72115Sunil Chhetri
15%
19Egypt69176Hossam Hassan
13%
23United Arab Emirates6585Ali Mabkhout
11%
47East Germany5398Joachim Streich
11%
55Hungary5172Lajos Tichy
11%
17Thailand70100Piyapong Pue-on
11%
8Japan7576Kunishige Kamamoto
10%
8Kuwait75134Bashar Abdullah
8%
5Zambia79111Godfrey Chitalu
8%
6Iraq78137Hussein Saeed
8%
61South Korea50103Hwang Sun-hong
8%
12Thailand71134Kiatisuk Senamuang
8%
12Saudi Arabia71116Majed Abdullah
8%
3Malaysia84127Mokhtar Dahari
8%
50Philippines52108Phil Younghusband
8%
47Maldives5380Ali Ashfaq
7%
40Kuwait56178Bader Al-Mutawa
7%
33South Korea58135Cha Bum-kun
7%
34Hungary5768Imre Schlosser
7%
12Malawi71115Kinnah Phiri
7%
55Vietnam5183Lê Công Vinh
7%
34Iraq57148Younis Mahmoud
7%
34Honduras57101Carlos Pavón
5%
42Singapore55101Fandi Ahmad
5%
61Iran5087Karim Bagheri
5%
50Denmark5238Poul Nielsen
5%
50United Arab Emirates52161Adnan Al Talyani
3%
28Iraq62121Ahmed Radhi
3%

Score Distribution

Percentile by Number Answered

Percent of People with Each Score

Your Score History

You have not taken this quiz